000
00355nam a2200145Ia 4500
008
151213s9999 xx 000 0 und d
245
_a
Britannica Ready Reference Encyclopedia
_c
V-9
250
_a
V-9
260
_a
New Delhi
_b
Britannica
_c
2005
300
_a
2902 p.
650
_a
Encyclopedia
650
_a
Reference
700
_a
V-9
999
_c
1989
_d
1989